000 00810nam a22002057a 4500
005 20180111164631.0
010 _aB-685721
020 _c180.00
035 _aB-685721
037 _bPANSY BOOKS(RP)
082 _a910
100 _aYadav,Rakesh
245 _aRakesh Yadav sir's class notes of general notes of general studies geography /
_cby Rakesh Yadav
260 _aDelhi
_bRakesh Yadav Readres Publication
_c2017
270 _a1425,Outram lane near B.B.M,Depot,GTB Nagar
_bDelhi
_e110009
300 _a268p.
_c28cm(pbk)
505 _afor SSC,CGL CPO SI CHSL,NDA/CDS and day competitive exams
942 _2ddc
_cEN
_h910
_mYAD
999 _c148994
_d148994